| 000 | 03594nam a2200349 i 4500 | ||
|---|---|---|---|
| 001 | 000019774 | ||
| 003 | DO-SdBNP | ||
| 005 | 20251031082552.0 | ||
| 007 | ta | ||
| 008 | 100706s1979 cr r 000 0 spa d | ||
| 040 |
_aDO-SdBNP _bspa _cBNPHU _erda |
||
| 041 | _aspa | ||
| 082 | 4 |
_a301.098 _bC749d _222 |
|
| 111 | 1 |
_aCongreso Latinoamericano de Sociología _n(13 : _d1974 : _942241 _cCosta Rica) |
|
| 245 | 1 | 0 |
_aDebates sobre la teoría de la dependencia y la sociología latinoamericana / _cselección, introducción y notas, Daniel Camacho ; Gérard-Pierre Charles, y otros. |
| 264 | 4 |
_aSan José, Costa Rica : _bEditorial Universitaria Centroamericana (EDUCA), _c©1979. |
|
| 300 |
_a3767 páginas ; _c17 cm. |
||
| 336 |
_atexto _btxt _2rdacontent |
||
| 337 |
_asin mediación _bn _2rdamedia |
||
| 338 |
_avolumen _bnc _2rdacarrier |
||
| 490 | 0 | _aColección seis | |
| 500 | _aIncluye referencias bibliográficas y notas al pie de las páginas. | ||
| 505 |
_aPresentación / _rDaniel Camacho -- _tInterpretaciones teóricas de la sociedad latinoamericana / _rDaniel Camacho Monge _tTeoría de la dependencia, teoría del imperialismo y conocimiento de la realidad social latinoamericana / _r Gérard Pierre-Charles -- _tProblemas y perspectivas de la teoría de la dependencia / _rAgustín Cueva -- _tPost scriptum a "Dependencia y desarrollo en América Latina" / _rFernando H. Cardoso y Enzo Faletto -- _t¿Adiós a la teoría de la dependencia? / _rJosé Luis de Imaz -- _tLa contribución del desarrollo / _rMaría Guadalupe Acevedo -- _tUnidad de la sociología latinoamericana / _rDaniel Camacho -- _tAmérica Latina: la evolución de las críticas a las ciencias sociales / _rPablo González Casanova -- _tNotas para una reconsideración de la historia del pensamiento social latinoamericano / _rIgnacio Sotelo -- _tLa sociología en América Latina americana de 25 años / _rRolando Franco -- _tEvaluación de algunos estudios latinoamericanos sobre comunicación masiva / _rHugo Assmann -- _tIntroducción: los aportes nacionales al desarrollo de la sociología latinoamericana / _rDaniel Camacho -- _tCuatro precursores del pensamiento crítico en Argentina, 1890-1930 / _rSergio Bagú -- _tCrítica y autocrítica de la razón extraviada (un cuarto de siglo de sociología argentina / _rFrancisco Delich -- _tSociología y sociedad en Brasil (1945-1973) / _rOctavio Ianni -- _tEl desarrollo de la sociología en Chile / _rHernán Godoy Urzúa -- _tLos rasgos de la sociología crítica en México / _rManuel Villa Aguilera -- _t25 años de sociología uruguaya / _rCarlos Filgueira -- _tBolivia: la revolución democrática de 1952 y las tendencias sociológicas emergentes / _rRené Zavaleta -- _tProceso a la sociología peruana / _rMariano Valderrama -- _tNotas para el estudio de la trayectoria del análisis social en Puerto Rico con base en el desarrollo de las clases sociales y sus conflictos (1880-1933) / _rÁngel Quintero -- _tColonialismo y ciencia social en Guatemala / _rCarlos Guzmán Böckler -- _tRodrigo Facio: aspectos de una reflexión sobre el desarrollo nacional / _rJosé Luis Vega -- |
||
| 650 | 7 |
_aSociología _zAmérica Latina _91061 _xHistoria _vCongresos, conferencias, etc. _2LEMB |
|
| 650 | 7 |
_aImperialismo _vCongresos, conferencias, etc. _987747 |
|
| 650 | 4 |
_aDependencia de paises extranjeros _942243 |
|
| 651 | 0 |
_aAmérica Latina _x Relaciones económicas exteriores _94092 _vCongresos, conferencias, etc. |
|
| 700 | 1 |
_aCamacho, Daniel _942244 |
|
| 700 | 1 |
_aPierre-Charles, Gérard. _941080 |
|
| 910 | _aValidado. Control de calidad MFF | ||
| 942 |
_2ddc _cLBS1 |
||
| 999 |
_c19288 _d19288 |
||